LEADER 02110nas 2200601-a 450 001 996204139203316 005 20240413020434.0 011 $a1913-9101 035 $a(CKB)954925612989 035 $a(CONSER)---94640729- 035 $a(DE-599)ZDB2008871-1 035 $a(EXLCZ)99954925612989 100 $a19930601a19929999 --- a 101 0 $aeng 181 $ctxt$2rdacontent 182 $cc$2rdamedia 183 $acr$2rdacarrier 200 00$aTheatre research in Canada =$eRecherches théâtrales au Canada 210 $aToronto $cGraduate Centre for Study of Drama$d©1992- 215 $a1 online resource 300 $aTitle from cover. 300 $aRefereed/Peer-reviewed 311 08$aPrint version: Theatre research in Canada = 1196-1198 (DLC) 94640729 (OCoLC)608157861 517 3 $aRecherches théâtrales au Canada 517 1 $aTRIC / RTAC 517 1 $aTRICRTAC 531 $aTHEATRE RESEARCH IN CANADA RECHERCHES THEATRALES AU CANADA 531 $aTHEATRE RES CANADA 531 0 $aTheatre res. Can. 606 $aTheater$zCanada$xHistory$vPeriodicals 606 $aCanadian drama$xHistory and criticism$vPeriodicals 606 $aThéâtre$zCanada$xHistoire$vPériodiques 606 $aThéâtre canadien$xHistoire et critique$vPériodiques 606 $aCanadian drama$2fast$3(OCoLC)fst00845094 606 $aTheater$2fast$3(OCoLC)fst01149217 607 $aCanada$2fast 608 $aCriticism, interpretation, etc.$2fast 608 $aHistory.$2fast 608 $aPeriodicals.$2fast 615 0$aTheater$xHistory 615 0$aCanadian drama$xHistory and criticism 615 6$aThéâtre$xHistoire 615 6$aThéâtre canadien$xHistoire et critique 615 7$aCanadian drama. 615 7$aTheater. 676 $a792/.0971 712 02$aUniversity of Toronto.$bGraduate Centre for Study of Drama. 712 02$aQueen's University (Kingston, Ont.).$bDepartment of Drama. 906 $aJOURNAL 912 $a996204139203316 920 $aexl_impl conversion 996 $aTheatre research in Canada$92259899 997 $aUNISA LEADER 01185nas 2200409 c 450 001 9910894607603321 005 20260218111619.0 035 $a(CKB)3790000000120530 035 $a(DE-599)ZDB2482416-1 035 $a(OCoLC)611961142 035 $a(OCoLC)643598560 035 $a(DE-101)99293821X 035 $a(DE-599)2482416-1 035 $a(EXLCZ)993790000000120530 100 $a20090302a20069999 |y | 101 0 $ager 135 $aur||||||||||| 181 $ctxt$2rdacontent 182 $cc$2rdamedia 183 $acr$2rdacarrier 200 10$aStatistische Berichte / Hessisches Statistisches Landesamt$hB$hVII$h3/S$iAusla?nderbeiratswahlen in Hessen .. 210 31$aWiesbaden$cHessisches Statistisches Landesamt$d2006- 215 $aOnline-Ressource 225 0 $aStatistik Hessen 300 $aGesehen am 02.03.09 517 $aStatistische Berichte / B / 7 / 3S 608 $aZeitschrift$2gnd-content 608 $aStatistik$2gnd-content 676 $a320 676 $a310 801 0$b0030 801 1$bDE-101 801 2$b9001 906 $aJOURNAL 912 $a9910894607603321 996 $aStatistische Berichte$91920339 997 $aUNINA